<?xml version="1.0" encoding="UTF-8"?>
<record
    xmlns:xsi="http://www.w3.org/2001/XMLSchema-instance"
    xsi:schemaLocation="http://www.loc.gov/MARC21/slim http://www.loc.gov/standards/marcxml/schema/MARC21slim.xsd"
    xmlns="http://www.loc.gov/MARC21/slim">

  <leader>00481    a2200157   4500</leader>
  <controlfield tag="005">20250603173512.0</controlfield>
  <datafield tag="020" ind1=" " ind2=" ">
    <subfield code="a">0-393-97677-7</subfield>
  </datafield>
  <datafield tag="082" ind1=" " ind2=" ">
    <subfield code="a">T E A  LECT 330.024 MAN</subfield>
  </datafield>
  <datafield tag="100" ind1=" " ind2=" ">
    <subfield code="a">MANSFIELD, E .</subfield>
  </datafield>
  <datafield tag="245" ind1=" " ind2=" ">
    <subfield code="a">Managerial  Economics : Theory, Applications, and Cases </subfield>
  </datafield>
  <datafield tag="250" ind1=" " ind2=" ">
    <subfield code="a">5th Ed.</subfield>
  </datafield>
  <datafield tag="260" ind1=" " ind2=" ">
    <subfield code="a">New York,</subfield>
    <subfield code="b">w.w. Norton&amp; Company,</subfield>
    <subfield code="c">2002.</subfield>
  </datafield>
  <datafield tag="300" ind1=" " ind2=" ">
    <subfield code="a">xxiii, 805p.: ill.; figure, picture, table,</subfield>
    <subfield code="b">index,</subfield>
    <subfield code="c">24cm.</subfield>
  </datafield>
  <datafield tag="700" ind1=" " ind2=" ">
    <subfield code="a">ALLEN, W .B .   {et  all...}</subfield>
  </datafield>
  <datafield tag="942" ind1=" " ind2=" ">
    <subfield code="2">ddc</subfield>
    <subfield code="c">BKS</subfield>
  </datafield>
  <datafield tag="999" ind1=" " ind2=" ">
    <subfield code="c">3121</subfield>
    <subfield code="d">3121</subfield>
  </datafield>
  <datafield tag="952" ind1=" " ind2=" ">
    <subfield code="r">2025-06-03 17:37:30</subfield>
    <subfield code="l">0</subfield>
    <subfield code="o">T E A  LECT  330.024  MAN</subfield>
    <subfield code="p">00000010969</subfield>
    <subfield code="v">121413.00</subfield>
    <subfield code="w">2025-06-03</subfield>
    <subfield code="y">BKS</subfield>
    <subfield code="1">0</subfield>
    <subfield code="2">ddc</subfield>
    <subfield code="4">0</subfield>
    <subfield code="7">0</subfield>
    <subfield code="0">0</subfield>
    <subfield code="a">CBEML</subfield>
    <subfield code="b">CBEML</subfield>
    <subfield code="c">GEN</subfield>
    <subfield code="d">2005-04-22</subfield>
    <subfield code="g">40471.00</subfield>
  </datafield>
  <datafield tag="952" ind1=" " ind2=" ">
    <subfield code="r">2025-06-03 17:37:30</subfield>
    <subfield code="l">0</subfield>
    <subfield code="o">T E A  LECT  330.024  MAN</subfield>
    <subfield code="p">00000010970</subfield>
    <subfield code="v">121413.00</subfield>
    <subfield code="w">2025-06-03</subfield>
    <subfield code="y">BKS</subfield>
    <subfield code="1">0</subfield>
    <subfield code="2">ddc</subfield>
    <subfield code="4">0</subfield>
    <subfield code="7">0</subfield>
    <subfield code="0">0</subfield>
    <subfield code="a">CBEML</subfield>
    <subfield code="b">CBEML</subfield>
    <subfield code="c">GEN</subfield>
    <subfield code="d">2005-04-22</subfield>
    <subfield code="g">40471.00</subfield>
  </datafield>
  <datafield tag="952" ind1=" " ind2=" ">
    <subfield code="r">2025-06-03 17:37:30</subfield>
    <subfield code="l">0</subfield>
    <subfield code="o">T E A  LECT  330.024  MAN</subfield>
    <subfield code="p">00000010971</subfield>
    <subfield code="v">121413.00</subfield>
    <subfield code="w">2025-06-03</subfield>
    <subfield code="y">BKS</subfield>
    <subfield code="1">0</subfield>
    <subfield code="2">ddc</subfield>
    <subfield code="4">0</subfield>
    <subfield code="7">0</subfield>
    <subfield code="0">0</subfield>
    <subfield code="a">CBEML</subfield>
    <subfield code="b">CBEML</subfield>
    <subfield code="c">GEN</subfield>
    <subfield code="d">2005-04-22</subfield>
    <subfield code="g">40471.00</subfield>
  </datafield>
  <datafield tag="952" ind1=" " ind2=" ">
    <subfield code="r">2025-06-27 13:23:58</subfield>
    <subfield code="l">0</subfield>
    <subfield code="o">658MAN</subfield>
    <subfield code="p">DOM0001320</subfield>
    <subfield code="v">121413.00</subfield>
    <subfield code="w">2025-06-27</subfield>
    <subfield code="y">BKS</subfield>
    <subfield code="1">0</subfield>
    <subfield code="2">ddc</subfield>
    <subfield code="4">0</subfield>
    <subfield code="7">0</subfield>
    <subfield code="0">0</subfield>
    <subfield code="a">004</subfield>
    <subfield code="b">004</subfield>
    <subfield code="c">GEN</subfield>
    <subfield code="d">2005-04-22</subfield>
    <subfield code="g">40471.00</subfield>
  </datafield>
  <datafield tag="952" ind1=" " ind2=" ">
    <subfield code="r">2025-06-28 08:01:54</subfield>
    <subfield code="l">0</subfield>
    <subfield code="o">330 MAN</subfield>
    <subfield code="p">DOM0003147</subfield>
    <subfield code="v">121413.00</subfield>
    <subfield code="w">2025-06-28</subfield>
    <subfield code="y">BKS</subfield>
    <subfield code="1">0</subfield>
    <subfield code="2">ddc</subfield>
    <subfield code="4">0</subfield>
    <subfield code="7">0</subfield>
    <subfield code="0">0</subfield>
    <subfield code="a">004</subfield>
    <subfield code="b">004</subfield>
    <subfield code="c">GEN</subfield>
    <subfield code="d">2005-04-22</subfield>
    <subfield code="g">40471.00</subfield>
  </datafield>
</record>
